Gulf Coast Region State Flag Quiz - Statistics

General Stats
  • This quiz has been taken 6 times
  • The average score is 5 of 7
Answer Stats
Picture Answer % Correct
Texas
100%
New Mexico
83%
Alabama
67%
Louisiana
67%
Mississippi
67%
Arkansas
50%
Old Mississippi Flag
50%
No matching quizzes found
Score Distribution
Percent of People with Each Score
Percentile by Number Answered
Your Score History
You have not taken this quiz